Cidades Portuguesas - Statistics

Estatísticas Gerais
  • Esse quiz foi jogado 18 vezes
  • A pontuação média é 63 de 159
Estatísticas das Respostas
Cidade População % Correto
Braga 149 000
100%
Lisboa 546 000
100%
Porto 232 000
100%
Faro 42 000
87%
Guimarães 54 000
87%
Leiria 55 000
87%
Aveiro 63 000
80%
Coimbra 107 000
80%
Setúbal 90 000
80%
Vila Real 29 200
80%
Beja 22 400
73%
Bragança 24 000
73%
Santa Maria da Feira 19 800
73%
Amadora 171 000
67%
Barcelos 20 800
67%
Matosinhos 49 000
67%
Portimão 44 000
67%
Santarém 30 000
67%
Vila do Conde 29 300
67%
Vila Nova de Gaia 188 000
67%
Viseu 59 000
67%
Almada 88 000
60%
Barreiro 63 000
60%
Chaves 17 200
60%
Évora 40 000
60%
Funchal 106 000
60%
Maia 41 000
60%
Mirandela 11 400
60%
Viana do Castelo 25 200
60%
Vila Nova de Famalicão 37 000
60%
Albufeira 21 300
53%
Castelo Branco 34 000
53%
Covilhã 34 000
53%
Fafe 15 500
53%
Lagos 19 300
53%
Portalegre 14 100
53%
Tomar 14 100
53%
Alcobaça 6 000
47%
Amarante 12 400
47%
Angra do Heroísmo 8 000
47%
Elvas 15 300
47%
Espinho 21 200
47%
Estremoz 6 600
47%
Guarda 25 800
47%
Ovar 18 000
47%
Paços de Ferreira 13 400
47%
Póvoa de Varzim 41 000
47%
Valença 6 600
47%
Vizela 11 100
47%
Caldas da Rainha 30 000
40%
Ermesinde 39 000
40%
Fátima 10 500
40%
Felgueiras 15 900
40%
Figueira da Foz 31 000
40%
Ílhavo 10 800
40%
Lamego 11 200
40%
Montemor-o-Novo 8 400
40%
Montijo 41 000
40%
Odivelas 58 000
40%
Olhão 29 500
40%
Oliveira de Azeméis 15 500
40%
Oliveira do Hospital 5 800
40%
Penafiel 15 700
40%
Peniche 13 200
40%
Peso da Régua 8 600
40%
Pombal 12 000
40%
Ponta Delgada 47 000
40%
Rio Maior 12 500
40%
São Pedro do Sul 5 500
40%
Seixal 45 000
40%
Serpa 4 600
40%
Sines 12 500
40%
Tavira 13 800
40%
Tondela 5 200
40%
Torres Novas 16 100
40%
Torres Vedras 19 500
40%
Trofa 17 500
40%
Abrantes 16 800
33%
Águeda 13 700
33%
Alcácer do Sal 5 900
33%
Almeirim 11 500
33%
Entroncamento 20 100
33%
Esmoriz 11 900
33%
Esposende 10 900
33%
Freamunde 7 600
33%
Loures 14 300
33%
Mangualde 9 900
33%
Mealhada 6 400
33%
Moura 7 100
33%
Paredes 20 600
33%
Pinhel 2 700
33%
Quarteira 16 100
33%
Silves 6 300
33%
Valongo 25 700
33%
Vendas Novas 9 200
33%
Vila Real de Santo António 10 900
33%
Agualva-Cacém 82 000
27%
Albergaria-a-Velha 9 000
27%
Amora 49 000
27%
Borba 3 600
27%
Cantanhede 6 000
27%
Gafanha da Nazaré 12 500
27%
Gondomar 26 800
27%
Horta 5 600
27%
Lagoa 6 000 | 6 800
27%
Lixa 5 100
27%
Lordelo 9 100
27%
Loulé 15 600
27%
Machico 10 000
27%
Marco de Canaveses 11 100
27%
Marinha Grande 7 900
27%
Miranda do Douro 1 900
27%
Oliveira do Bairro 4 500
27%
Ourém 6 000
27%
Ponte de Sor 7 500
27%
Póvoa de Santa Iria 41 000
27%
Queluz 79 000
27%
Rebordosa 8 500
27%
Rio Tinto 65 000
27%
Sabugal 2 100
27%
Sacavém 24 700
27%
Samora Correia 17 700
27%
Santa Comba Dão 4 400
27%
Santiago do Cacém 5 700
27%
Santo Tirso 27 000
27%
São João da Madeira 22 100
27%
Seia 5 100
27%
Tarouca 4 300
27%
Vila Franca de Xira 16 300
27%
Vila Nova de Foz Côa 3 100
27%
Alverca do Ribatejo 30 000
20%
Anadia 6 200
20%
Câmara de Lobos 14 100
20%
Caniço 24 000
20%
Cartaxo 12 300
20%
Costa da Caparica 14 000
20%
Estarreja 7 400
20%
Fiães 7 100
20%
Fundão 8 200
20%
Gandra 7 000
20%
Gouveia 3 100
20%
Lourosa 8 000
20%
Macedo de Cavaleiros 6 100
20%
Mêda 2 100
20%
Praia da Vitória 3 600
20%
Reguengos de Monsaraz 5 800
20%
Ribeira Grande 12 800
20%
Santa Cruz 7 100
20%
Santana 2 800
20%
São Mamede de Infesta 22 800
20%
Senhora da Hora 27 000
20%
Trancoso 2 600
20%
Valbom 13 800
20%
Valpaços 4 700
20%
Vila Baleira 5 100
20%
Vila Nova de Santo André 8 400
20%
Alfena 14 700
13%
Vale de Cambra 5 400
13%
Nenhum quiz correspondente encontrado
Distribuição das Pontuações
Porcentagem de Pessoas com Cada Pontuação
Percentil de Números Respondidos
Sua Pontuação Histórica
Você não jogou esse quiz